000 01128nam a2200229Ia 4500
001 18853
003 GE_BSU
008 181216s||||||||xx |||||||||||||| ||und||
040 _cGE_BSU
245 _aსაპატრიარქოს უწყებანი 25 თებერვალი-2 მარტი №9(796) 2016.
245 _bპატრიარქის ქადაგება,ქრონიკა, ინფორმაცია და სხვა.
245 _cრედ:დეკანოზი დავით შარაშენიძე და სხვა.
250 _aსაქართველოს საპატრიარქოს პრესცენტრის ყოველკვირეული გამოცემა
260 _aთბილისი
260 _bსაქართველოს საპატრიარქო
260 _c2016
300 _a20გვ;ილ;30სმ.
653 _aპერიოდიკა
653 _aრელიგია
653 _aსაპატრიარქოს უწყებანი.
942 _cCR
999 _c51855
_d51855